000 nam a22 7a 4500
999 _c8244
_d8244
008 171212b xxu||||| |||| 00| 0 eng d
100 _aGunther John
_94668
245 _aInside South America
260 _aNew York
_bHarper & Row Publications
_c1966